Представление документа в формате RUSMARC

ПолеНазваниеЗначение
  Тип записи c
  Библиографический уровень m
001 Контрольный номер RU/УОНБ/EK_N/621086169
005 Дата корректировки 20260313124040.2
010 Индекс ISBN __
9 Тираж 1000 экз.
013 Номер (ISMN) __
a Номер (ISMN) 5-89608-021-2
d Цена 30 р.
100 Данные общей обработки __
a Данные общей обработки 20190906d2000 u y0rusy0189||||ca
101 Язык документа 0_
a Язык текста rus
f Язык титульного листа rus
102 Страна публикации __
a Страна публикации RU
105 Кодированные данные (монография) __
a Кодированные данные (монография) y###||||000|y
125 Кодированные данные звукозаписи и нотных изданий __
a Форма изложения нотного текста с|
128 Кодированные данные (звукозаписи-физические характеристики) __
a Кодированные данные: Музыкальная форма и тональность или лад ccn
c Инструменты или голоса, рекомендуемые для солистов (устаревшее) vu||
200 Заглавие и сведения об ответственности 1_
a Заглавие Вып. 1
210 Выходные данные 1_
d Дата издания 2000
215 Физическое описание __
a Объем 32 с.
327 Примечание о содержании 11
a Примечание о содержании Содерж. : Молчанов О. Ясный мой свет : из репертуара Т. Булановой ; Солнечный друг : из репертуара И. Салтыковой / сл. А. Славоросова. - Кузьмин В. Семь морей / сл. В. Кузьмина. - Макаревич А. Осень / сл. А. Макаревича : из репертуара группы "Лицей". - Сюткин В. Сорок две минуты под землёй / сл. В. Сюткина и С. Патрушева. - Есенин П. Ливень / сл. С. Патрушева : из репертуара А. Маршала ; Беспризорник / сл. Э. Чантурия : из репертуара группы "Hi-Fi". - Муз. группы "Место встречи". От заката до рассвета / сл. М. Шитова : из репертуара группы "Место встречи". - Пащенко В. Ты не приходи / сл. Л. Черниковой и В. Пащенко : из репертуара Л. Черниковой. - Муз. нар. На поле танки грохотали / сл. нар. : из репертуара "Чиж и Компания" - проект "Митьковские песни". - Лесовская В. Алло! Алло! / сл. В. Лесовской.
333 Примечание о целевом назначении __
a Примечание о целевом назначении 18+
461 Уровень набора _0
1 001RU/УОНБ/EK_N/621085783
1 200
a Жемчужины российской эстрады
b Ноты
e попул. песни в перелож. для фп. и гитары с голосом
v Вып. 1
1 210
a М.
c Издательство Владимира Катанского
d 2000
464 Аналитический уровень _0
1 2001
a Ясный мой свет
e Где ж ты , мой свет...
e из репертуара Т. Булановой
1 700 1
a Молчанов
b О.
1 702 1
a Славоросов
b А.
4 520
464 Аналитический уровень _0
1 2001
a Семь морей
e Ты напои меня...
1 700 1
a Кузьмин
b В.
1 702 1
a Кузьмин
b В.
4 520
464 Аналитический уровень _0
1 2001
a Осень
e Свет твоего окна...
e из репертуара группы "Лицей"
1 700 1
a Макаревич
b А.
1 702 1
a Макаревич
b А.
4 520
464 Аналитический уровень _0
1 2001
a Сорок две минуты под землёй
e С утра в метро спускаюсь я...
1 700 1
a Сюткин
b В.
1 702 1
a Сюткин
b В.
4 520
1 702 1
a Патрушев
b С.
4 520
464 Аналитический уровень _0
1 2001
a Ливень
e В небе звёзды несутся клином...
e из репертуара А. Маршала
1 700 1
a Есенин
b П.
1 702 1
a Патрушев
b С.
4 520
464 Аналитический уровень _0
1 2001
a От заката до рассвета
e На столе свеча, - падает туфля...
e из репертуара группы "Место встречи"
1 700 1
a Музыка группы "Место встречи"
1 702 1
a Шитов
b М.
4 520
464 Аналитический уровень _0
1 2001
a Ты не приходи
e Образ твой небесный я не нашла...
e из репертуара Л. Черниковой
1 700 1
a Пащенко
b В.
1 702 1
a Черникова
b Л.
4 520
1 702 1
a Пащенко
b В.
4 520
464 Аналитический уровень _0
1 2001
a На поле танки грохотали
e На поле танки грохотали...
e из репертуара "Чиж и Компания"
e из проекта "Митьковские песни"
1 700 1
a Музыка народная
1 702 1
a Слова народные
4 520
1 50010
a Митьковские песни
464 Аналитический уровень _0
1 2001
a Алло! Алло!
e "Алло! "Алло"! - звоню тебе...
1 700 1
a Лесовская
b В.
1 702 1
a Лесовская
b В.
4 520
464 Аналитический уровень _0
1 2001
a Солнечный друг
e Ты прилетай, мой солнечный друг...
e из репертуара И. Салтыковой
1 700 1
a Молчанов
b О.
1 702 1
a Славоросов
b А.
4 520
464 Аналитический уровень _0
1 2001
a Беспризорник
e Я один, я-как ветер...
e из репертуара группы "Hi-Fi"
1 700 1
a Есенин
b П.
1 702 1
a Чантурия
b Э.
4 520
512 Заглавие обложки 1_
a Заглавие обложки Жемчужины российской эстрады
606 Тематические рубрики 0_
a Основная рубрика Песни российских композиторов
610 Ключевые слова 0_
a Ключевые слова песни российских композиторов
686 Индексы других классификаций __
a Классификационный индекс 85.943.4-42-64-085я43
2 Код системы rubbk
801 Источник записи _0
a Страна RU
b Организация Ульяновская ОНБ
c Дата составления 20190906
g Правила каталогизации RCR
801 Источник записи _1
a Страна RU
b Организация Ульяновская ОНБ
c Дата составления 20190906
g Правила каталогизации RCR
901 Тип документа __
t Тип документа n
w Контрольный № источника RU/УОНБ/EK_N/621085783
909 Создатель записи __
a Создатель записи Лобина Л. И.
910 Корректоры записи __
a Корректор записи Илямакова
938 Служебная информация __
a Имя БД noti
b Имя библиотеки УОНБ
c Имя АИБС МАРК-SQL
d Номер DOC_ID в БД 21176
970 Признак ограниченного доступа __
a Фамилия Макаревич
b Имя (инициалы) А. В.
g Полное личное имя Андрей Вадимович
e 02.09.2022
f Иностранный агент (физическое лицо)
996 Контроль за деятельностью лиц, находящихся под иностранным влиянием __
b Текстовое указание НАСТОЯЩИЙ МАТЕРИАЛ (ИНФОРМАЦИЯ) ПРОИЗВЕДЁН, РАСПРОСТРАНЁН И (ИЛИ) НАПРАВЛЕН ИНОСТРАННЫМ АГЕНТОМ МАКАРЕВИЧЕМ АНДРЕЕМ ВАДИМОВИЧЕМ ЛИБО КАСАЕТСЯ ДЕЯТЕЛЬНОСТИ ИНОСТРАННОГО АГЕНТА МАКАРЕВИЧА АНДРЕЯ ВАДИМОВИЧА